000 00531 a2200181 4500
000 BKB
001 070920
005 20200902150910.0
008
082 _a368.01
_bA88A
100 1 _aActuarial science
245 1 _aActuarial science
_cedited by Hanji Shang
260 _aNew Jersey
_bWorld Scientific
_c2006
300 _a266p.
690 _aChina; Life insurance; Insurance--Mathematics; Actuarial science
700 _aShang, Hanji, ed.
_b
_c
964 _a
_bENG
_c
_d
_e
_f
_g
999 _c4292
_d4292